000 00735nam a2200205Ia 4500
003 GCL
008 140319s9999 xx 000 0 ara d
040 _aGCL /
_cGCL
082 0 4 _a791.437
_bم د
100 1 _aمحمد صلاح الدهان \\=aمحمد صلاح الدينv
245 1 0 _aالدين والعقيدة فى السينما المصرية /
_cمحمد صلاح الدهان
300 _a235 ص
490 _aالهيئة العامة للاستعلامات
_v0
650 0 4 _aالافلام السينمائية
650 0 4 _aالسينما
650 0 4 _aالتمثيل فى السينما
650 0 4 _aالسينما - مصر
650 0 4 _aالسينما - الجوانب الاخلاقية
942 _2ddc
_cBK
999 _c51958
_d51958